Top 100 most valuable footballers - Statistics

General Stats
  • This quiz has been taken 1,611 times
    1,327 since last reset
  • The average score is 57 of 100
Answer Stats
Rank Player Club Nationality Value (USD) % Correct
1 Kylian Mbappé Paris Saint-Germain France 198 M
99%
3 Neymar Paris Saint-Germain Brazil 150 M
94%
9 Lionel Messi Barcelona Argentina 123 M
92%
5 Mohamed Salah Liverpool Egypt 132 M
91%
4 Sadio Mané Liverpool Senegal 132 M
91%
6 Harry Kane Tottenham England 132 M
90%
7 Kevin De Bruyne Manchester City Belgium 132 M
90%
23 Erling Haaland Borussia Dortmund Norway 79 M
85%
43 Heung-min Son Tottenham South Korea 70 M
81%
52 Cristiano Ronaldo Juventus Portugal 66 M
80%
15 Bernardo Silva Manchester City Portugal 88 M
77%
8 Jadon Sancho Borussia Dortmund England 129 M
76%
18 Virgil Van Dijk Liverpool Netherlands 88 M
76%
12 Joao Felix Atletico Madrid Portugal 89 M
74%
2 Raheem Sterling Manchester City England 150 M
74%
10 Trent Alexander-Arnold Liverpool England 121 M
74%
19 Paul Pogba Manchester United France 88 M
73%
11 Antoine Griezmann Barcelona France 106 M
72%
21 Eden Hazard Real Madrid Belgium 88 M
72%
14 Marcus Rashford Manchester United England 88 M
72%
16 N'Golo Kanté Chelsea France 88 M
72%
24 Frenkie de Jong Barcelona Netherlands 79 M
70%
20 Jan Oblak Atletico Madrid Slovenia 88 M
70%
56 Ousmane Dembélé Barcelona France 62 M
70%
65 Robert Lewandowski Bayern Munich Poland 62 M
70%
22 Joshua Kimmich Bayern Munich Germany 83 M
68%
32 Romelu Lukaku Inter Milan Belgium 75 M
68%
31 Bruno Fernandes Manchester United Portugal 77 M
67%
25 Paulo Dybala Juventus Argentina 79 M
67%
28 Roberto Firmino Liverpool Brazil 79 M
67%
39 Andrew Robertson Liverpool Scotland 70 M
66%
35 David Alaba Bayern Munich Austria 72 M
66%
13 Kai Havertz Bayer Leverkusen Germany 89 M
66%
17 Leroy Sane Bayern Munich Germany 88 M
65%
45 Alphonso Davies Bayern Munich Canada 66 M
64%
47 Christian Pulisic Chelsea USA 66 M
63%
30 Marc-André ter Stegen Barcelona Germany 72 M
63%
34 Matthijs de Ligt Juventus Netherlands 74 M
63%
49 Thibaut Courtois Real Madrid Belgium 58.5 M
63%
36 Lautaro Martinez Inter Milan Argentina 70 M
62%
33 Christian Eriksen Inter Milan Denmark 75 M
61%
73 Sergio Aguero Manchester City Argentina 57 M
61%
29 Alisson Liverpool Brazil 79 M
60%
64 Pierre-Emerick Aubameyang Arsenal Gabon 62 M
60%
26 Serge Gnabry Bayern Munich Germany 79 M
60%
96 Toni Kroos Real Madrid Germany 53 M
60%
88 Riyad Mahrez Manchester City Algeria 53 M
59%
60 Fabinho Liverpool Brazil 62 M
58%
41 Timo Werner Chelsea Germany 70 M
58%
59 Ederson Manchester City Brazil 62 M
57%
42 Raphael Varane Real Madrid France 70 M
57%
67 Achraf Hakimi Inter Milan Morocco 59 M
56%
61 Harry Maguire Manchester United England 62 M
56%
71 Jorginho Chelsea Italy 57 M
56%
94 Koke Atletico Madrid Spain 53 M
56%
38 Sergej Milinkovic-Savic Lazio Serbia 70 M
56%
53 Anthony Martial Manchester United France 64 M
55%
44 Casemiro Real Madrid Brazil 70 M
55%
68 Federico Valverde Real Madrid Uruguay 59 M
54%
62 Kalidou Koulibaly Napoli Senegal 62 M
54%
50 Marco Verratti Paris Saint-Germain Italy 66 M
54%
48 Aymeric Laporte Manchester City France 66 M
53%
40 Dele Alli Tottenham England 70 M
53%
54 Gabriel Jesus Manchester City Brazil 62 M
53%
69 Richarlison Everton Brazil 57 M
52%
72 Miralem Pjanic Barcelona Bosnia 57 M
51%
95 Thiago Alcantara Bayern Munich Spain 53 M
51%
79 Leon Goretzka Bayern Munich Germany 55 M
50%
70 Marquinhos Paris Saint-Germain Brazil 57 M
50%
93 Alexandre Lacazette Arsenal France 53 M
48%
99 Rodrygo Real Madrid Brazil 50 M
48%
63 Phillipe Coutinho Bayern Munich Brazil 62 M
45%
84 Davinson Sanchez Tottenham Colombia 53 M
44%
81 Declan Rice West Ham United England 54 M
44%
51 Mauro Icardi Paris Saint-Germain Argentina 66 M
44%
66 James Maddison Leicester City England 61 M
43%
57 Lucas Hernández Bayern Munich France 62 M
42%
77 Ruben Neves Wolverhampton Portugal 55 M
42%
58 José Giménez Atletico Madrid Uruguay 62 M
41%
86 Milan Skriniar Inter Milan Slovakia 53 M
41%
82 Gianluigi Donnarumma AC Milan Italy 54 M
39%
91 Lorenzo Insigne Napoli Italy 53 M
39%
90 Marcelo Brozovic Inter Milan Croatia 53 M
39%
100 Ferran Torres Valencia Spain 50 M
38%
46 Mikel Oyarzabal Real Sociedad Spain 66 M
38%
87 Clément Lenglet Barcelona France 53 M
36%
92 Stefan de Vrij Inter Milan Netherlands 53 M
36%
55 Arthur Juventus Brazil 62 M
35%
37 Rodrigo Manchester City Spain 70 M
35%
85 Federico Chiesa Fiorentina Italy 53 M
33%
75 Ansu Fati Barcelona Spain 55 M
32%
98 Tanguy Ndombélé Tottenham France 50 M
32%
89 Niklas Sule Bayern Munich Germany 53 M
30%
83 Fabian Ruiz Napoli Spain 53 M
28%
97 Mason Greenwood Manchester United England 50 M
26%
78 Lucas Ocampos Sevilla Argentina 55 M
25%
80 Houssem Aouar Lyon France 54 M
24%
74 Renan Lodi Atletico Madrid Brazil 55 M
23%
76 Diego Carlos Sevilla Brazil 55 M
20%
27 Saúl Ñiguez Atletico Madrid Spain 81 M
19%
No matching quizzes found
Score Distribution
Percent of People with Each Score
Percentile by Number Answered
Your Score History
You have not taken this quiz since the last reset